[Event "CZE Czechia-ch U16"]
[Site "Harrachov"]
[Date "2009.10.30"]
[Round "8"]
[White "Zadina, Jiri"]
[Black "Otradovec, Lubos"]
[Result "0-1"]
[WhiteElo "1731"]
[BlackElo "1890"]
[PlyCount "125"]
[EventDate "2009.10.24"]
[EventType "swiss"]
[EventRounds "9"]
[EventCountry "CZE"]
[SourceTitle "EXT 2012"]
[Source "ChessBase"]
[SourceDate "2011.11.24"]
[SourceVersion "1"]
[SourceVersionDate "2011.11.24"]
[SourceQuality "1"]

1. c4 c5 2. Nc3 Nf6 3. e4 Nc6 4. g3 g6 5. Bg2 Bg7 6. Nge2 0-0 7. 0-0 d6 8. h3 Rb8 9. f4 e6 10. g4 Nd7 11. Ng3 Nb6 12. d3 f5 13. g5 Nd4 14. Nce2 fxe4 15. Nxe4 Qc7 16. h4 d5 17. cxd5 exd5 18. Nxd4 Bxd4+ 19. Nf2 Bf5 20. Kh1 Qd7 21. a4 Rfe8 22. a5 Na8 23. Qf3 Nc7 24. Bh3 Bxh3 25. Nxh3 Qf5 26. Ng1 Nb5 27. Rb1 Bxg1 28. Rxg1 Nd4 29. Qg2 Re2 30. Qg3 Rbe8 31. b4 Rc2 32. Rd1 Ree2 33. bxc5 Rh2+ 34. Qxh2 Rxh2+ 35. Kxh2 Qg4 36. Rf1 Qxh4+ 37. Kg2 Qg4+ 38. Kf2 Qf3+ 39. Kg1 Qg3+ 40. Kh1 Qh3+ 41. Kg1 Qxd3 42. Rxb7 Ne2+ 43. Kf2 Nxc1 44. Rb8+ Kf7 45. Rxc1 Qd2+ 46. Kf3 Qxc1 47. Rb7+ Ke6 48. Rxa7 Qxc5 49. Ra6+ Kd7 50. Rf6 Qxa5 51. Rf7+ Kc6 52. Rxh7 Qc3+ 53. Kg4 Qc2 54. Rg7 d4 55. Rf7 Qe4 56. Rf6+ Kc5 57. Rf8 d3 58. Rc8+ Kd4 59. Rb8 Ke3 60. Rh8 Qxf4+ 61. Kh3 Qxg5 62. Rh4 Qxh4+ 63. Kxh4 0-1

[Event "Harrachov op-B"]
[Site "Harrachov"]
[Date "2009.10.29"]
[Round "7"]
[White "Zadina, Jiri"]
[Black "Sebo, Igor"]
[Result "1-0"]
[WhiteElo "1589"]
[BlackElo "1731"]
[PlyCount "69"]
[EventDate "2009.10.24"]
[EventType "swiss"]
[EventRounds "9"]
[EventCountry "CZE"]
[SourceTitle "EXT 2012"]
[Source "ChessBase"]
[SourceDate "2011.11.24"]
[SourceVersion "1"]
[SourceVersionDate "2011.11.24"]
[SourceQuality "1"]

1. b4 e5 2. Bb2 d6 3. e3 Nf6 4. c4 Bf5 5. d4 Nbd7 6. Bd3 Bg6 7. Bxg6 hxg6 8. a3 Qe7 9. Ne2 e4 10. Nbc3 Nb6 11. c5 Nc4 12. Qb3 Nxb2 13. Qxb2 d5 14. a4 b6 15. Qb3 c6 16. 0-0 Ng4 17. h3 Qc7 18. Ng3 Nxe3 19. Rfe1 Nf5 20. Nxd5 cxd5 21. Qxd5 Rd8 22. Rxe4+ Ne7 23. Qc4 f5 24. Re6 Rh4 25. Rd1 bxc5 26. bxc5 Qd7 27. Rd6 Qc7 28. Qb5+ Kf7 29. Qc4+ Ke8 30. Qe6 Qc8 31. Rxd8+ Kxd8 32. Qf7 Rh8 33. d5 Qxc5 34. d6 Nc6 35. Qc7+ 1-0

[Event "Harrachov op-B"]
[Site "Harrachov"]
[Date "2009.10.27"]
[Round "5"]
[White "Cesanek, Jaroslav"]
[Black "Zadina, Jiri"]
[Result "1-0"]
[WhiteElo "1776"]
[BlackElo "1589"]
[PlyCount "65"]
[EventDate "2009.10.24"]
[EventType "swiss"]
[EventRounds "9"]
[EventCountry "CZE"]
[SourceTitle "EXT 2012"]
[Source "ChessBase"]
[SourceDate "2011.11.24"]
[SourceVersion "1"]
[SourceVersionDate "2011.11.24"]
[SourceQuality "1"]

1. d4 d6 2. c4 g6 3. e4 Bg7 4. Nc3 Nc6 5. Be3 e5 6. d5 Nd4 7. f3 f5 8. Nge2 Qf6 9. Bf2 Ne7 10. Nxd4 exd4 11. Nb5 Kd8 12. Bxd4 Qf7 13. Bxg7 Qxg7 14. Qd4 Qxd4 15. Nxd4 fxe4 16. fxe4 Bd7 17. Bd3 Rf8 18. Nf3 c6 19. 0-0 Kc7 20. Ng5 h6 21. Nf7 Ng8 22. Rf2 Rae8 23. e5 Rxe5 24. Nxe5 Rxf2 25. Kxf2 dxe5 26. dxc6 Bf5 27. Bxf5 gxf5 28. cxb7 Kxb7 29. Re1 e4 30. Ke3 Kc6 31. Kf4 Ne7 32. g4 Kc5 33. gxf5 1-0

[Event "CZE Czechia-ch U16"]
[Site "Harrachov"]
[Date "2009.10.27"]
[Round "4"]
[White "Zadina, Jiri"]
[Black "Tresnak, Filip"]
[Result "0-1"]
[WhiteElo "1731"]
[BlackElo "1838"]
[PlyCount "50"]
[EventDate "2009.10.24"]
[EventType "swiss"]
[EventRounds "9"]
[EventCountry "CZE"]
[SourceTitle "EXT 2012"]
[Source "ChessBase"]
[SourceDate "2011.11.24"]
[SourceVersion "1"]
[SourceVersionDate "2011.11.24"]
[SourceQuality "1"]

1. e4 e5 2. Nc3 Nc6 3. f4 exf4 4. Nf3 g5 5. d4 g4 6. d5 gxf3 7. dxc6 Qh4+ 8. Kd2 Qf2+ 9. Kd3 bxc6 10. Na4 Bg7 11. c4 d5 12. Qd2 dxe4+ 13. Kc2 Qxd2+ 14. Bxd2 e3 15. Bb4 e2 16. gxf3 Bf5+ 17. Kd2 exf1N+ 18. Rhxf1 0-0-0+ 19. Ke1 Nf6 20. Kf2 Bd3 21. Rg1 Nh5 22. Bc3 Bxc3 23. bxc3 Bxc4 24. Rg5 Rd2+ 25. Kg1 Nf6 0-1

[Event "CZE-ch U16"]
[Site "Sec u Chrudimi"]
[Date "2008.10.29"]
[Round "6"]
[White "Zadina, Jiri"]
[Black "Grussova, Helena"]
[Result "1/2-1/2"]
[WhiteElo "1506"]
[BlackElo "1873"]
[PlyCount "96"]
[EventDate "2008.10.25"]
[EventType "swiss"]
[EventRounds "9"]
[EventCountry "CZE"]
[SourceTitle "EXT 2022"]
[Source "ChessBase"]
[SourceDate "2021.10.06"]
[SourceVersion "1"]
[SourceVersionDate "2021.10.06"]
[SourceQuality "1"]

1. c4 e5 2. Nc3 Nc6 3. g3 d6 4. Bg2 Nf6 5. e4 Be7 6. Nge2 0-0 7. 0-0 h6 8. d3 Nh7 9. f4 exf4 10. Bxf4 Bf6 11. Rb1 Bg4 12. Qd2 Ng5 13. Nd5 Bxe2 14. Nxf6+ Qxf6 15. Qxe2 Ne6 16. Be3 Qe7 17. a3 a5 18. Qf2 Ne5 19. Qe2 Nd7 20. d4 a4 21. Bh3 c6 22. Rbc1 Nf6 23. Qf3 Nh7 24. Bxe6 fxe6 25. Qe2 Ng5 26. Bxg5 Qxg5 27. Rxf8+ Rxf8 28. Rf1 Rxf1+ 29. Kxf1 Qf6+ 30. Qf2 Qg5 31. Qe2 Qc1+ 32. Kg2 Kf7 33. Qf1+ Qxf1+ 34. Kxf1 Kf6 35. Kf2 g5 36. g4 c5 37. Ke3 b6 38. Kd3 Kg6 39. e5 dxe5 40. dxe5 h5 41. h3 hxg4 42. hxg4 Kf7 43. Kc3 Ke7 44. b4 axb3 45. Kxb3 Kd7 46. a4 Kc6 47. Ka3 Kb7 48. Kb3 Ka6 1/2-1/2

[Event "CZE-ch U16"]
[Site "Sec u Chrudimi"]
[Date "2008.10.26"]
[Round "2"]
[White "Zadina, Jiri"]
[Black "Zvara, David"]
[Result "1/2-1/2"]
[WhiteElo "1506"]
[BlackElo "1826"]
[PlyCount "71"]
[EventDate "2008.10.25"]
[EventType "swiss"]
[EventRounds "9"]
[EventCountry "CZE"]
[SourceTitle "EXT 2022"]
[Source "ChessBase"]
[SourceDate "2021.10.06"]
[SourceVersion "1"]
[SourceVersionDate "2021.10.06"]
[SourceQuality "1"]

1. e4 e5 2. f4 Bc5 3. Nf3 d6 4. c3 Nf6 5. d4 exd4 6. cxd4 Bb4+ 7. Bd2 Bxd2+ 8. Nbxd2 0-0 9. Bd3 Re8 10. 0-0 Nc6 11. a3 Bg4 12. Qc2 h6 13. Rfe1 Nh5 14. f5 Qf6 15. Qc3 a6 16. d5 Qxc3 17. bxc3 Ne7 18. Bc2 Bxf3 19. Nxf3 Nf6 20. Rab1 b6 21. h3 Nd7 22. g3 f6 23. c4 Nc5 24. a4 Nc8 25. Nd4 Nd7 26. Nf3 Na7 27. a5 bxa5 28. Ba4 Re7 29. Bxd7 Rxd7 30. Ra1 c6 31. Rxa5 cxd5 32. exd5 Nc8 33. Rea1 Nb6 34. Nd2 Rda7 35. Kf2 Nd7 36. Ne4 1/2-1/2

[Event "CZE-ch U14"]
[Site "Sec u Chrudimi"]
[Date "2007.10.24"]
[Round "6"]
[White "Vlasak, Martin"]
[Black "Zadina, Jiri"]
[Result "1-0"]
[WhiteElo "1591"]
[BlackElo "1389"]
[PlyCount "65"]
[EventDate "2007.10.20"]
[EventType "swiss"]
[EventRounds "9"]
[EventCountry "CZE"]
[SourceTitle "EXT 2022"]
[Source "ChessBase"]
[SourceDate "2021.10.06"]
[SourceVersion "1"]
[SourceVersionDate "2021.10.06"]
[SourceQuality "1"]

1. e4 e6 2. d4 d5 3. e5 c5 4. c3 Nc6 5. Nf3 Qb6 6. Bd3 Bd7 7. 0-0 cxd4 8. cxd4 Nxd4 9. Nxd4 Qxd4 10. Nc3 Qxe5 11. Re1 Qd6 12. Qf3 Nf6 13. Bf4 Qc5 14. Rac1 Qa5 15. Bd2 Bc6 16. Qf4 Qb6 17. Be3 Qd8 18. Nb5 Bb4 19. Qxb4 a5 20. Qc5 Qb8 21. Bg5 Kd7 22. Nd4 Qc7 23. Nxc6 bxc6 24. g3 Rab8 25. Bf4 Qb7 26. Qd6+ Ke8 27. Qxb8+ Qxb8 28. Bxb8 Kd7 29. Be5 Ne8 30. Rc2 f6 31. Bc3 Nd6 32. Bxa5 Ra8 33. Bb4 1-0

[Event "CZE-ch U14"]
[Site "Sec u Chrudimi"]
[Date "2007.10.22"]
[Round "4"]
[White "Rubes, Jan"]
[Black "Zadina, Jiri"]
[Result "1-0"]
[WhiteElo "1793"]
[BlackElo "1389"]
[PlyCount "73"]
[EventDate "2007.10.20"]
[EventType "swiss"]
[EventRounds "9"]
[EventCountry "CZE"]
[SourceTitle "EXT 2022"]
[Source "ChessBase"]
[SourceDate "2021.10.06"]
[SourceVersion "1"]
[SourceVersionDate "2021.10.06"]
[SourceQuality "1"]

1. d4 d5 2. Nf3 Nf6 3. e3 e6 4. Bd3 c5 5. c3 Nc6 6. 0-0 Qb6 7. Nbd2 Be7 8. Re1 0-0 9. a3 a5 10. dxc5 Bxc5 11. c4 d4 12. Ne4 Nxe4 13. Bxe4 dxe3 14. Bxe3 Bxe3 15. Rxe3 Qxb2 16. Rb1 Qf6 17. Qc2 g6 18. Bxc6 bxc6 19. Ne5 Ra6 20. c5 Rd8 21. Qe4 Qf5 22. Qxf5 exf5 23. f4 Re8 24. Rd3 Be6 25. Rd6 Bd5 26. Rb7 Rc8 27. Nd7 Kg7 28. Nb6 Rxb6 29. cxb6 Be4 30. Rc7 Rb8 31. b7 c5 32. Rdd7 c4 33. Rxf7+ Kg8 34. Rg7+ Kf8 35. Rxh7 Kg8 36. Rhd7 Rf8 37. Rg7+ 1-0